Statistics for NBA Players #1

Click here to take the quiz!

General Stats

  • This quiz has been taken 71 times
  • The average score is 11 of 15

Answer Stats

HintAnswer% Correct
The Black MambaKobe Bryant
100%
The Big Dipper, 100 PointsWilt Chamberlain
100%
The BrowAnthony Davis
92%
Hates facing the Spurs in the NBA FinalsLebron James
90%
Enjoyed multiple Dunk Contest wins, despite his heightNate Robinson
88%
Smallest Player EverMuggsy Bogues
83%
Averaged Triple-Doubles for a lot of his careerOscar Robertson
82%
His name rhymes with splash, 2 time MVPSteve Nash
77%
Enjoyed success in the 60s, rim protector (before blocks were recorded aswell!)Bill Russell
72%
Enjoyed a championship in 2008 but now is at his homeKevin Garnett
65%
Changed from #24 to #13Paul George
58%
KIA and Jordan PosterboyBlake Griffin
55%
The Brazilian Blur!Leandro Barbosa
42%
One half of the Bounce Brothers, ROYAndrew Wiggins
35%
German HawkDennis Schröder
27%

Score Distribution

Percentile by Number Answered

Percent of People with Each Score

Your Score History

You have not taken this quiz